000 00630nam a2200253Ia 4500
003 OSt
005 20221005133138.0
006 a|||||r|||| 00| 0
007 ta
008 221004b |||||||| |||| 00| 0 tel d
024 _a39639
037 _cTextual
040 _aCRL
_cCRL
_btel
041 _2tel
_atel
082 _aV2:51.N47<-L57, 35L9
100 _aPadaala
245 0 _aViplamaha yugan
260 _c1979
300 _a640p.
_ccm.
650 _a TELUGU LANGUAGE
_9155493
650 _aINDIA - HISTORY
942 _hV2:51.N47<-L57, 35L9
_cTEXL
_2cc
999 _c1065871
_d1065871